| LEADER 00000nam 2200000uu 4500 |
| 001 13399128834 |
| 003 BCNR |
| 008 260703s2565||||th 000 0 tha d |
| 020 ^a9786160454150
|
| 041 ^atha
|
| 060 4 ^aWW140^bฮ456จ 2565
|
| 100 0 ^aฮิระมะสึ, รุอิ
|
| 245 00 ^aจักษุแพทย์แนะนำ ทำอย่างไรไม่ให้สายตาเสื่อม /^cRui Hiramatsu, เขียน ; วิธารณี จงสถิตย์วัฒนา, แปล
|
| 246 30 ^aไขข้อข้องใจพร้อมรับคำแนะนำวิธีดูแลรักษาดวงตาของคุณเหมือนได้พูดคุยกับแพทย์ในห้องตรวจ
|
| 250 ^aพิมพ์ครั้งที่ 1
|
| 260 ^aกรุงเทพฯ :^bนานมีบุ๊คส์,^c2565
|
| 300 ^a154 หน้า :^bภาพประกอบ ;^c21 ซม.
|
| 505 0 ^aช่วยอธิบายเกี่ยวกับอาการผิดปกติของตาและอาการตาเสื่อมตามวัยให้ที ! -- โรคต้อกระจก โรคต้อหิน และโรคน่ากลัวอื่น ๆ ที่อาจส่งผลให้ตาบอด -- วิธีดูแลรักษาตาให้มองเห็นไปจนอายุ 100 ปี
|
| 650 4 ^aตา^xการดูแลและสุขวิทยา
|
| 650 4 ^aสายตา^xการดูแล
|
| 650 4 ^aตา
|
| 650 4 ^aตา^xโรค
|
| 700 0 ^aวิธารณี จงสถิตย์วัฒนา,^eแปล
|
| 700 1 ^aHiramatsu, Rui, 1978- : Kanja ga taenai charisma gankai ga yatteiru shitsumei shinai shukan
|
| 999 ^aบรรณารักษ์
|